Prophecy continuous : (Record no. 17716)

MARC details
000 -LEADER
fixed length control field 00929cam a2200277 a 4500
001 - CONTROL NUMBER
control field 1932868
003 - CONTROL NUMBER IDENTIFIER
control field BDDh-ASL
005 - DATE AND TIME OF LATEST TRANSACTION
control field 20231015025629.0
008 - FIXED-LENGTH DATA ELEMENTS--GENERAL INFORMATION
fixed length control field 860606s1989 cau b s001 0 eng
010 ## - LIBRARY OF CONGRESS CONTROL NUMBER
LC control number 86011429
020 ## - INTERNATIONAL STANDARD BOOK NUMBER
International Standard Book Number 0520057724 (alk. paper)
040 ## - CATALOGING SOURCE
Original cataloging agency DLC
Transcribing agency DLC
Modifying agency BDDh-ASL
050 00 - LIBRARY OF CONGRESS CALL NUMBER
Classification number BP195.A5
Item number F75 1989
082 00 - DEWEY DECIMAL CLASSIFICATION NUMBER
Classification number 297.2046
Item number FRP
100 1# - MAIN ENTRY--PERSONAL NAME
Personal name Friedmann, Yohanan.
245 10 - TITLE STATEMENT
Title Prophecy continuous :
Remainder of title aspects of Ahmadi religious thought and its medieval background /
Statement of responsibility, etc. Yohanan Friedmann.
260 ## - PUBLICATION, DISTRIBUTION, ETC.
Place of publication, distribution, etc. Berkeley :
Name of publisher, distributor, etc. University of California Press,
Date of publication, distribution, etc. c1989.
300 ## - PHYSICAL DESCRIPTION
Extent xiii, 218 p. ;
Dimensions 24 cm.
440 #0 - SERIES STATEMENT/ADDED ENTRY--TITLE
Title Comparative studies on Muslim societies ;
Volume/sequential designation 3
500 ## - GENERAL NOTE
General note Includes indexes.
504 ## - BIBLIOGRAPHY, ETC. NOTE
Bibliography, etc. note Bibliography: p. 200-208.
650 #0 - SUBJECT ADDED ENTRY--TOPICAL TERM
Topical term or geographic name entry element Ahmadiyya
General subdivision Doctrines.
650 #0 - SUBJECT ADDED ENTRY--TOPICAL TERM
Topical term or geographic name entry element Religious thought
Chronological subdivision Middle Ages, 600-1500.
906 ## - LOCAL DATA ELEMENT F, LDF (RLIN)
a 7
b cbc
c orignew
d 1
e ocip
f 19
g y-gencatlg
942 ## - ADDED ENTRY ELEMENTS (KOHA)
Source of classification or shelving scheme Dewey Decimal Classification
Koha item type Books
Holdings
Withdrawn status Lost status Source of classification or shelving scheme Damaged status Not for loan Collection code Home library Current library Shelving location Date acquired Source of acquisition Total Checkouts Full call number Barcode Date last seen Copy number Price effective from Koha item type Public note
    Dewey Decimal Classification   Not For Loan Non-fiction Asiatic Society Library Asiatic Society Library Ludden Collection 09/07/2020 Donated by Prof. David Ludden   297.2046 FRP 100834 09/07/2020 C-1 09/07/2020 Books RARE

Powered by Koha